LEADER 03668nam 2200637 450 001 9910730701003321 005 20210311111955.0 010 $a1-78699-916-1 010 $a1-350-22552-5 010 $a1-78699-918-8 024 7 $a10.5040/9781350225527 035 $a(CKB)4100000011973795 035 $a(MiAaPQ)EBC6647077 035 $a(Au-PeEL)EBL6647077 035 $a(OCoLC)1241540037 035 $a(CaBNVSL)9781350225527 035 $a(EXLCZ)994100000011973795 100 $a20210311h20212020 uy 0 101 0 $aeng 135 $aurcnu|||||||| 181 $ctxt$2rdacontent 182 $cc$2rdamedia 183 $acr$2rdacarrier 200 00$aInvisibility in African displacements $efrom structural marginalization to strategies of avoidance /$fedited by Jesper Bjarnesen and Simon Turner 210 1$aLondon, England :$cZed Books,$d2020. 210 2$a[London, England] :$cBloomsbury Publishing,$d2021 215 $a1 online resource (289 pages) 225 1 $aAfrica now 300 $a"Nordiska Afrikainstitutet, The Nordic Africa Institute." 311 $a1-78699-919-6 320 $aIncludes bibliographical references and index. 327 $a1. There's No Place Like Home -- 2. Settler Colonialism, Empire, Borders -- 3. Masculinity, Place, Intersectionality -- 4. Kansas, Bled: Land, History, Violence -- 5. Frontier, Family, Nation -- 6. Capitalism, Work, Respect -- 7. Looking Back, Going Forward. 330 $a"This book is an antidote to the forms of American nationalism, masculinity, exceptionalism, and self-anointed prowess that are currently being flexed on the global stage. Through a fascinating combination of ethnographic research across seven US states and the application of postcolonial, anti-racist, feminist and poststructuralist theories, Land, God, and Guns reveals how time-honoured rites of passage associated with taken-for-granted notions of manhood in the American Heartland are constitutive of a constellation of colonial worldviews, capitalist logics, gender essentialisms, ethnocentric religious beliefs, jingoistic populism, racial animus, and embodied violence. A constellation that, within the US, upholds a heteropatriarchal and racist ordering of life that both privileges and ultimately damages its main proliferators ? white settler men. This is a detailed work that at once unravels rural white settler masculinity and the US state at their roots, whilst demonstrating why any analysis of the cultural production and social practice of masculinity in the United States must take into account the country's historical trajectories of imperialism, land dispossession, nation-state building, enslavement, extractive accumulation and valorisation of masculinist assertions of dominance."--$cProvided by publisher. 410 0$aAfrica now (Zed Books) 606 $aAfrican diaspora 606 $aMarginality, Social$zAfrica 606 $aMarginality, Social$zEurope 606 $aGender studies: men$2bicssc 607 $aAfrica$xEmigration and immigration 607 $aEurope$xEmigration and immigration 607 $aAfrica$xEmigration and immigration$xGovernment policy 607 $aEurope$xEmigration and immigration$xGovernment policy 615 0$aAfrican diaspora. 615 0$aMarginality, Social 615 0$aMarginality, Social 615 7$aGender studies: men 676 $a304.86 702 $aBjarnesen$b Jesper 702 $aTurner$b Simon$f1967- 801 0$bUKMGB 801 1$bCaBNVSL 801 2$bCaBNVSL 906 $aBOOK 912 $a9910730701003321 996 $aInvisibility in African displacements$93392299 997 $aUNINA LEADER 04712nam 22007095 450 001 9910298334003321 005 20251230055155.0 010 $a1-4939-1031-0 024 7 $a10.1007/978-1-4939-1031-1 035 $a(CKB)3710000000187068 035 $a(EBL)1782061 035 $a(OCoLC)889303541 035 $a(SSID)ssj0001295342 035 $a(PQKBManifestationID)11857553 035 $a(PQKBTitleCode)TC0001295342 035 $a(PQKBWorkID)11343005 035 $a(PQKB)11471541 035 $a(MiAaPQ)EBC1782061 035 $a(DE-He213)978-1-4939-1031-1 035 $a(PPN)179926586 035 $a(EXLCZ)993710000000187068 100 $a20140711d2014 u| 0 101 0 $aeng 135 $aur|n|---||||| 181 $ctxt 182 $cc 183 $acr 200 10$aAdvances in Fetal and Neonatal Physiology $eProceedings of the Center for Perinatal Biology 40th Anniversary Symposium /$fedited by Lubo Zhang, Charles A. Ducsay 205 $a1st ed. 2014. 210 1$aNew York, NY :$cSpringer New York :$cImprint: Springer,$d2014. 215 $a1 online resource (258 p.) 225 1 $aAdvances in Experimental Medicine and Biology,$x2214-8019 ;$v814 300 $aDescription based upon print version of record. 311 08$a1-4939-1030-2 320 $aIncludes bibliographical references and index at the end of each chapters. 327 $a?Surprised by Joy? ? Four Decades of Contributions to Developmental Physiology -- sGC-cGMP Signaling:  Target for Anticancer Therapy -- Lawrence D. Longo. From Chronic Fetal Hypoxia to Proteomic Predictors of Fetal Distress Syndrome: A life devoted to research and mentoring based on virtue-ethics -- Pregnancy Programming and Preeclampsia: Identifying a Human Endothelial Model to Study Pregnancy-Adapted Endothelial Function and Endothelial Adaptive Failure in Preeclamptic Subjects -- Regulation of Amniotic Fluid Volume: Evolving Concepts -- Gestational Diabetes, Preeclampsia and Cytokine Release: Similarities and Differences in Endothelial Cell Function -- Heart Disease Link to Fetal Hypoxia and Oxidative Stress -- Fetal Breathing Movements and Changes at Birth -- From Fetal Physiology to Gene Therapy ? It All Started in Loma Linda -- 30+ Years of Exercise in Pregnancy -- Gap Junction Regulation of Vascular Tone: Implications of Modulatory Intercellular Communication during Gestation -- Effect of Preeclampsia on Placental Function: Influence of Sexual Dimorphism, microRNA?s and Mitochondria -- Altitude, Attitude and Adaptation -- The Separation of Sexual Activity and Reproduction in Human Social Evolution -- The Influence of Growth Hormone on Bone and Adipose Programming -- The Fetal Cerebral Circulation: Three Decades of Exploration by the LLU Center for Perinatal Biology -- Placental Vascular Defects in Compromised Pregnancies: Effects of Assisted Reproductive Technologies and Other Maternal Stressors -- How to Build a Healthy Heart from Scratch -- Estrogen in the Fetus -- Calcitonin Gene Related Family Peptides: Importance in Normal Placental and Fetal Development. 330 $aTo celebrate the Center for Perinatal Biology?s 40th Anniversary, an illustrious group gathered at Loma Linda University in February 2013. That gathering of experts and this volume of the proceedings are a tribute to the founder of the Center, Lawrence D. Longo, M.D. These chapters present contributions from individuals who in some way or another were influenced by Dr. Longo. Covering a wide range of topics, and illustrating the diversity of thinking and scientific interests, these proceedings address basic science through to clinical problems in the developmental programming of health and disease. 410 0$aAdvances in Experimental Medicine and Biology,$x2214-8019 ;$v814 606 $aHuman physiology 606 $aReproductive health 606 $aEmbryology 606 $aHuman Physiology 606 $aReproductive Medicine 606 $aEmbryology 615 0$aHuman physiology. 615 0$aReproductive health. 615 0$aEmbryology. 615 14$aHuman Physiology. 615 24$aReproductive Medicine. 615 24$aEmbryology. 676 $a612.647 702 $aZhang$b Lubo$4edt$4http://id.loc.gov/vocabulary/relators/edt 702 $aDucsay$b Charles A$4edt$4http://id.loc.gov/vocabulary/relators/edt 712 02$aLoma Linda University.$bCenter for Perinatal Biology, 712 12$aAdvances in Fetal and Neonatal Physiology (Symposium) 801 0$bMiAaPQ 801 1$bMiAaPQ 801 2$bMiAaPQ 906 $aBOOK 912 $a9910298334003321 996 $aAdvances in Fetal and Neonatal Physiology$92502163 997 $aUNINA